000 00499nam a2200181Ia 4500
005 20250508152243.0
008 008 250505s9999 xx 000 0 hin d
037 _aTextual
040 _aFEDL
_beng
_cFEDL
041 _ahin
_2eng
084 _a808.2, WOO
_qFEDL
100 _aWood E R
_9761078
245 0 _aSpecimens of contemporary drama
260 _aMelbourne
_bWilliam Heinemann Ltd
_c1957
300 _aviii,191p.
942 _cTEXL
_h808.2, WOO
999 _c1335310
_d1335310